Betting it all : (Record no. 345967)
[ view plain ]
| 000 -LEADER | |
|---|---|
| fixed length control field | 01956 a2200205 4500 |
| 020 ## - INTERNATIONAL STANDARD BOOK NUMBER | |
| International Standard Book Number | 0471201901 |
| 020 ## - INTERNATIONAL STANDARD BOOK NUMBER | |
| International Standard Book Number | 9780471201908 |
| 082 04 - DEWEY DECIMAL CLASSIFICATION NUMBER | |
| Classification number | 338.47004092273 |
| 090 ## - LOCALLY ASSIGNED LC-TYPE CALL NUMBER (OCLC); LOCAL CALL NUMBER (RLIN) | |
| -- | 3490 |
| -- | 3490 |
| 100 1# - MAIN ENTRY--PERSONAL NAME | |
| Personal name | Malone, Michael S. |
| 245 10 - TITLE STATEMENT | |
| Title | Betting it all : |
| Remainder of title | the entrepreneurs of technology / |
| Statement of responsibility, etc. | Michael S. Malone. |
| 250 ## - EDITION STATEMENT | |
| Edition statement | 1st ed. |
| 260 ## - PUBLICATION, DISTRIBUTION, ETC. | |
| Place of publication, distribution, etc. | [S.l.] : |
| Name of publisher, distributor, etc. | Wiley, |
| Date of publication, distribution, etc. | 2001. |
| 300 ## - PHYSICAL DESCRIPTION | |
| Extent | 288 p. ; |
| Dimensions | 23 cm. |
| 500 ## - GENERAL NOTE | |
| General note | Paperback. |
| 520 ## - SUMMARY, ETC. | |
| Summary, etc. | "I realized I was willing to die for Java." –– KIM POLESE, MARIMBA "I was the opposite of a party animal. I had this thing where if I was signed up for a [college] class, I wouldn’t go to the class, ever." –– BILL GATES, MICROSOFT "I don’t know what made me decide that my life should always be about making love standing up in a hammock, but this is the way that my life has worked out." –– JERRY SANDERS, ADVANCED MICRO DEVICES Beyond the media hype and mystique, the high-tech entrepreneurs of our time are just as human as the rest of us–even though they carefully guard their words and maintain their corporate images, making it almost impossible to get a real glimpse of the people behind the legends. Now, Betting It All takes you inside the minds of sixteen of the most famous industry titans–Scott McNealy, Bob Metcalfe, Carol Bartz, Philippe Kahn, and more–through a series of intimate and remarkably candid interviews. You’ll be the fly on the wall as these business leaders explore memories from childhood, their dreams, their inspirations, and their unwavering ambition to achieve their goals–no m |
| 856 ## - ELECTRONIC LOCATION AND ACCESS | |
| Materials specified | Amazon.com |
| Uniform Resource Identifier | <a href="http://www.amazon.com/exec/obidos/ASIN/0">http://www.amazon.com/exec/obidos/ASIN/0</a> |
| 856 ## - ELECTRONIC LOCATION AND ACCESS | |
| Materials specified | Amazon customer reviews |
| Uniform Resource Identifier | <a href="http://www.chopac.org/cgi-bin/to">http://www.chopac.org/cgi-bin/to</a> |
| 942 ## - ADDED ENTRY ELEMENTS (KOHA) | |
| Institution code [OBSOLETE] | NBS |
| Koha item type | Book |
| Call number prefix | 338.47004092273 MAL |
| Withdrawn status | Lost status | Damaged status | Not for loan | Permanent Location | Current Location | Date acquired | Total Checkouts | Full call number | Barcode | Date last seen | Date last checked out | Price effective from | Koha item type |
|---|---|---|---|---|---|---|---|---|---|---|---|---|---|
| Central Library (CL) | Central Library (CL) | 08/28/2013 | 2 | 338.47004092273 MAL | NBS5285 | 06/24/2022 | 07/06/2021 | 08/28/2013 | Book | ||||
| Central Library (CL) | Central Library (CL) | 08/28/2013 | 1 | 338.47004092273 MAL | NBS5298 | 11/22/2017 | 08/09/2017 | 08/28/2013 | Book |
